Distant Second Place (Geography Edition) - Statistics

General Stats
  • This quiz has been taken 427 times
    410 since last reset
  • The average score is 28 of 32
Answer Stats
Superlative The Numbers Answer % Correct
Country with the longest coastline 202,080 km Canada
99%
Country with the most Mandarin speakers 1,379,302,771 China
99%
Largest planet in the Solar System 1,898,130 yottagrams Jupiter
98%
Continent with the largest population (2026 est.) 5,005,339,144 Asia
97%
Country that contains the largest % of the Amazon rainforest 58.4% Brazil
97%
Country with the most wild tigers (2026 est.) 3,167 India
97%
Country with the most fjords 1,190 Norway
97%
Continent with the most marsupial species ~270 Oceania
97%
Continent with the 2nd largest populations 1,584,984,917 Africa
96%
2nd largest planet in the Solar Systerm 568,319 yottagrams Saturn
96%
Most common official language in Central America 6 countries Spanish
96%
Ocean that boarders the most U.S. states 18 Atlantic
95%
Ocean that boarders the 2nd most U.S. states 5 Pacific
95%
Country with the most native Portuguese speakers ~203,000,000 Brazil
94%
2nd most common official language in Central America 1 country English
94%
Country that produces the most maple syrup (2024) 90 million liters Canada
93%
Longest historical stone wall 21,196 km Great Wall of China
93%
Country that contains the 2nd largest % of the Amazon rainforest 12.8% Peru
93%
Most populous city in South Korea 26,085,040 Seoul
93%
Country with the 2nd most Mandarin speakers 23,508,428 Taiwan
92%
Continent with the 2nd most marsupial species ~90 South America
91%
Country that produces the 2nd most maple syrup 22 million liters United States
91%
Largest non-polar desert 9,200,000 km2 Sahara
90%
Continent with the most mountains over 6,000m ~12,000 peaks Asia
88%
Continent with the 2nd most mountains over 6,000m 100 peaks South America
87%
Country with the 2nd longest coastline 83,281 km Norway
78%
2nd most populous city in South Korea 6,804,956 Busan
75%
Country with the 2nd most native Portuguese speakers ~12,000,000 Angola
74%
2nd (possibly 3rd or 4th) longest historical stone wall 117 km Hadrian's Wall
71%
Country with the 2nd most wild tigers 750 Russia
66%
Country with the 2nd most fjords ~90 Chile
55%
2nd largest non-polar desert 2,330,000 km2 Arabian
45%
No matching quizzes found
Score Distribution
Percent of People with Each Score
Percentile by Number Answered
Your Score History
You have not taken this quiz since the last reset